|
|
|
|
| LEADER |
00000nab a2200000 a 4500 |
| 001 |
vtls000870690 |
| 003 |
SK-MaSNL |
| 005 |
20260319075107.0 |
| 008 |
160321c2004 xo 0 hun |
| 015 |
|
|
|a SNBRB2004/04-13312
|
| 035 |
|
|
|a CLN000222242
|
| 040 |
|
|
|a SNKBUCL
|b slo
|c SNKBUCL
|e AACR2
|
| 041 |
0 |
|
|a hun
|
| 044 |
|
|
|a xo
|c SK
|
| 080 |
|
|
|a 2-051(436)
|2 UDC-MRF-SK2
|
| 080 |
|
|
|a 282
|2 UDC-MRF-SK2
|
| 080 |
|
|
|a 262.136.6:282
|2 UDC-MRF-SK2
|
| 100 |
1 |
|
|a Karaffa, János,
|d 1973-
|4 aut
|9 297822
|
| 245 |
1 |
0 |
|a Krisztusi mértékkel - König bíborosra emlékezve
|c Dr. Karaffa János
|
| 300 |
|
|
|b Fotogr.
|
| 600 |
1 |
7 |
|a König, Franz,
|d 1905-2004
|2 snkbucl
|9 243645
|
| 655 |
|
7 |
|a články z novín a časopisov
|2 snkbucl
|9 267496
|
| 773 |
0 |
|
|x 1335-6534
|t Remény
|g Roč. 15, č. 13 (2004), s. 2
|
| 850 |
|
|
|a Slovenská národná knižnica v Martine
|
| 852 |
|
|
|a SNK
|b KIS3GCP
|
| 958 |
|
|
|a AT
|
| 958 |
|
|
|a HU
|
| 958 |
|
|
|a BC
|
| 958 |
|
|
|a RBX
|
| 999 |
|
|
|c 1375330
|d 1377260
|